00898nam a2200169 450000500170000000800410001702000320005802000310009005000180012110000270013924500620016626000430022830000370027150000450030850503160035365000590066920231102151928.0160512s2001 enka|||| |||| 00| 0 eng d a0333953436 (Student's Book) a0333953444 (Practice Book) 4aPE1128bP757 1 aProdromou, Lukedautor10aRising Starb : an intermediate coursec / Luke Prodromou3 aOxfordb : Macmillan Heinemannc, 2001 a2 volúmenesb : ilustraciones  av.1 (Student's Book) v.2 (Practice Book)1 aSuccess Talking about my generation Around the world A touch of magic Them and us Startruck Terrors of the earth and sky The heppiest days? What a laugh! A question of difference The fight of freedom Life in the 21st century I spy... Art and artist Our wonderful world Irregulars verbs Answer key Stunet's notes14aINGLÉSxESTUDIO Y ENSEÑANZAxHABLANTES EXTRANJEROS